| 000 | 00851nam a2200265 a 4500 | ||
|---|---|---|---|
| 001 | 25007 | ||
| 003 | CO-ViMGA | ||
| 008 | 141112s2004 ck r 000 u spa d | ||
| 020 | _a9789583801914 | ||
| 040 |
_aCO-ViMGA _bspa _cCO-ViMGA |
||
| 041 | _aSPA | ||
| 090 | _aA MOL9 | ||
| 100 | 1 |
_aMolina, Silvia _920091 |
|
| 245 | 1 | 0 |
_aHasta el ratón y el gato pueden tener un buen trato / _cSilvia Molina ; ilustraciones Cecilia Rébora |
| 250 | _a1a ed., 1a reimpr. | ||
| 260 |
_aBogotá : _bCidcli, _c2012 |
||
| 300 | _a[16] p. : il. col. : il. | ||
| 650 | 1 | 4 |
_aAMISTAD - LIBROS DE IMAGENES _937957 |
| 650 | 1 | 4 |
_aANIMALES - LIBROS DE IMAGENES _937958 |
| 650 | 1 | 4 |
_aDESDE LOS 18 MESES _937959 |
| 650 | 1 | 4 |
_aGATOS - LIBROS DE IMAGENES _937960 |
| 650 | 1 | 4 |
_aRATONES - LIBROS DE IMAGENES _937961 |
| 700 | 1 |
_aRébora, Cecilia _937962 |
|
| 942 |
_2ddc _cBK |
||
| 999 |
_c2532 _d2532 |
||